Quizzes
Events
Quiz Creation
Community
Videos
Private Events
Remove Ads
Sign In
Join for FREE
Feedback
Dark Mode
Quiz Categories
Sports
Geography
Music
Movies
Television
Just For Fun
Miscellaneous
History
Literature
Language
Science
Gaming
Entertainment
Religion
Holiday
For Kids
Quiz Lab
Recent
Popular Today
Quiz Kudos Today
Editor Picks
Curator Picks
Quizzes by...
Day
Popularity
Type
Ratings
Length
Year
Community
Subscriptions
Recent Discussions
Orange Saloon
Badges
Playlists
Quests
Create
Leaderboards
Showdown
Live 5
Trivia Bingo
Activity
Puzzle Library
Sporcle Events
Private Events
Virtual Trivia
Globe League
Become a Host
Pub Owners
SporcleCon
Opinionation
Our Games
Videos
Blog
Mobile Apps
Partnerships
Remove Ads and Go Orange
Feedback
Literature
Harry Potter
A Song of Ice and Fire
The Hunger Games
Literary Character
Shakespeare
Book
Author
Novel
Poem
Young Adult
Children's Books
Play
Lord of the Rings
Literature
Harry Potter
A Song of Ice and Fire
The Hunger Games
Literary Character
Shakespeare
Book
Author
Novel
Poem
Young Adult
Children's Books
Play
Lord of the Rings
Random Quiz
Search Sporcle
×
Quiz Lab
Quiz Lab
Literature
Harry Potter
Type in answers that appear in a list
Type in answers that appear in a list
Classic
Best Score? Go Orange.
HP 4 First 200 Words Stats
Can you name the first 200 words of Harry Potter and the Goblet of Fire?
By
Musicalfan
15m
200 Questions
5,676 Plays
5,676 Plays
5,676 Plays
Comments
Comments
Give Quiz Kudos
Give Quiz Kudos
-
- Ratings
hide this ad
More Info
Replay
Link that replays current quiz
Next Quiz
Link to next quiz in quiz playlist
You Got
0%
They Got
Avg Score
62%
Avg Friend Score
Upgrade to see
Score Distribution
Jump to the score distribution portion of the page
Score
0/200
Timer
15:00
0
Plays Today
% Correct
The
99.2%
'the
99.2%
the
99.2%
a
99.2%
the
99.2%
and
99.2%
a
99.2%
and
99.2%
the
99.2%
and
99.2%
the
99.2%
and
99.2%
The
99.2%
the
99.2%
a
99.2%
and
99.2%
the
99.2%
the
99.2%
The
99.2%
and
99.2%
the
99.2%
the
99.2%
the
99.2%
a
99.2%
the
99.2%
and
99.2%
and
99.2%
a
99.2%
the
99.2%
The
99.2%
the
99.2%
the
99.2%
and...
99.2%
House',
87.8%
House
87.7%
house
87.7%
House
87.7%
of
86.5%
of
86.5%
of
86.5%
of
86.5%
to
86.5%
to
86.5%
it
86.2%
it
86.2%
It
86.2%
Riddle
84.4%
Riddle
84.4%
Riddle
84.4%
Riddle
84.4%
was
84.2%
was
84.2%
was
84.2%
was
84.2%
in
84.2%
in
84.2%
on
82.6%
on
82.6%
had
80.7%
had
80.7%
had
80.7%
had
80.7%
had
80.7%
had
80.7%
had
80.7%
had
80.7%
there.
80.7%
% Correct
there,
80.7%
been
78.1%
been
78.1%
been
78.1%
been
78.1%
family
75.9%
Little
75.7%
Little
75.7%
lived
74%
so
73.5%
so
73.5%
village,
73.2%
village
73.2%
village,
73.2%
called
72.7%
years
72%
years
72%
though
71.5%
since
71.1%
many
71%
many
71%
many
71%
for
70.3%
for
70.3%
hill
68.6%
were
68.6%
hill
68.6%
even
68.6%
Hangleton
67.9%
that
67.9%
that
67.9%
that
67.9%
when
66.6%
when
66.6%
all
65.7%
all
65.7%
old
65%
over
63.7%
over
63.7%
still
62.3%
still
62.3%
still
62.3%
villagers
61.8%
what
60.3%
dead.
60%
down
56.9%
from
56.3%
stood
56%
Riddles
54.5%
its
52.7%
its
52.7%
its
52.7%
three
52.6%
some
52.4%
into
52%
at
51.8%
times,
51.4%
run
50.7%
maid
50.6%
maid
50.6%
Hangletons
50%
story
49.9%
find
49.5%
any
46.9%
windows
46%
room
45.7%
overlooking
45.4%
% Correct
more.
43%
happened
42.9%
ago,
42.3%
Once
41.9%
liked
40.4%
entered
40.4%
screaming
40.3%
truth
40.2%
now
39.7%
Every
39.4%
place:
39.4%
gossip
39.3%
morning,
39.1%
manor,
38.5%
something
38%
something
38%
fifty
37.5%
nobody
37.1%
before,
36.7%
sure
36.4%
inhabitants
36.2%
drawing
35.5%
looking
35.4%
roof,
35.2%
ivy
35.1%
strange
34.9%
around,
34.7%
tale,
34.2%
same
34.2%
agreed
33.4%
'creepy'.
33.1%
discuss
32.9%
well
32.5%
older
32%
scarce.
31.7%
started
31.4%
fine-
31.4%
fine
31.4%
quite
30.9%
topics
30.8%
tiles
30.2%
kept
30.1%
boarded,
29.8%
century
29.6%
miles
29.2%
missing
29%
however,
28%
places,
27.4%
Half
27.2%
version
27.2%
face.
27.2%
building
27%
horrible
26.6%
largest
26.1%
summer's
25.9%
grandest
25.4%
derelict
25.4%
embroidered
23.1%
picked
23%
easily
22.5%
spreading
22.3%
unchecked
21.6%
damp,
21.1%
unoccupied.
20.6%
daybreak
18.9%
impressive,
18.6%
Quiz Playlist
Details
Report
Send in Message
Add To Playlist
More Info:
Type in the first 200 words of HP4. Good Luck :) If you enjoy this then play my other quizzes too!
Classic:
Type in answers that appear in a list
Last Updated: Jun 7, 2017
Quiz Scoreboard
CHALLENGE
Sign Up to Join the Scoreboard
Show All
Scores
Hide
Comments
May contain spoilers
Recently Published
An Introduction to Baseball
by treessimontrees
Sports
5m
Movies - When Are They Set?
by FPL_Elf
Movies
5m
Popular People in 1961
by mucciniale
History
6m
More to Explore
Quiz From the Vault
Featured Blog Post
Where Did the Easter Bunny Come From?
hide this ad
You Might Also Like...
Tags
Harry Potter Quiz
200
Begins With
fire
first
goblet
J.K. Rowling
Today's Top Quizzes in Literature
Browse Literature
hide this ad
Today's Top Quizzes in Harry Potter
Browse Harry Potter
Top Contributed Quizzes in Literature
1
Sneaky Slytherin Logic Puzzle
2
One Thing in Common: Literature
3
Get The Picture: Black or White Literature
4
Harry Potter Neighbourly Logic Puzzle #3
5
Weasley Family Reunion: Logic Puzzle
6
One Thing in Common: Books
7
One Thing in Common: Literature II
8
Harry Potter Neighbourly Logic Puzzle #1
9
Harry Potter Neighbourly Logic Puzzle #5
10
Harry Potter Neighbourly Logic Puzzle #6
Explore More
Trending Topics
Crossword
Kpop
Disney
NBA
Anime
Marvel
Harry Potter
Soccer
Song
Pokémon
The Office
Puzzle
NFL
Country
WWE
hide this ad
More By:
Musicalfan
Quiz
Plays
Rating
Category
Featured
Created
Harry Potter First 200 Words
80,958
4.52
Literature
Dec 11, 2010
Timely Musicals
29,831
4.05
Entertainment
May 19, 2011
HP 3 First 200 Words
15,334
4.50
Literature
Jan 5, 2011
HP 2 First 200 Words
8,594
4.61
Literature
Jan 3, 2011
HP 7 Last 200 Words
7,787
4.26
Literature
Dec 11, 2010
Go to Creator's Profile
Score Distribution
Quiz Creator Spotlight
Musicalfan
Follow
Send a Message
Quizzes Created
-
Created Quiz Play Count
-
More By This Creator
Popular Quizzes Today
1
Find the Countries of Europe - No Outlines Minefield
2
Find the US States - No Outlines Minefield
3
The Countries of the World
4
Popular People in 1961
5
US States
6
1-10 Letter E Words III
7
Find the US States
8
One Thing in Common: World Cities II
More Literature Quizzes
100 Sci-Fi & Fantasy Books to Read in a Lifetime
Published
Trending Quizzes
Risky Map Clicking: Least Populous States A-Z
1-10 Letter F Words
1-10 Letter G Words
One Thing in Common: United Kingdom
Risky Map Clicking: Next State Alphabetically
Recently Updated
Leaping Animals
pecheneg
Reality TV Shows (A-Z)
bhenderson79
Rickey Henderson's Hall of Fame Teammates
pecheneg
Champions League XIs: Arsenal
pecheneg
Quick Pick: Celebrities in WWE's Hall of Fame
aduchscher
A-Z Keypad Blitz II
pecheneg
Multiple Oscar Actors
pecheneg
Mystery Phrase Blitz: Oscar 'Best Actors'
pecheneg
F. Scott Fitzgerald Novels
LTH
Pick 3 Villains
ddd62291
Trending Topics
Marvel
Disney
Harry Potter
Crossword
Anime
NBA
Kpop
Pokémon
Puzzle
Country
WWE
Soccer
NFL
The Office
Song
Your Account Isn't Verified!
In order to create a playlist on Sporcle, you need to verify the email address you used during registration. Go to your
Sporcle Settings
to finish the process.
Report this User
Report this user for behavior that violates our
Community Guidelines
.
Details:
Send Report
Go to the Sporcle.com Mobile Site →
Comments